=LDR 00000nam 2200000 4500 =001 INLIS000000000000733 =005 20200901083928 =035 ##$$a 0010-061300000000733 =008 200901################g##########0#ind## =041 ##$$a Ind =082 ##$$a 301.095 986 3 =090 ##$$a 301.095 98, Put-m =100 ##$$a Putra, Heddy Shri Ahimsa =245 1#$$a Minawang, Hubungan patron-klien di Sulawesi Selatan /$c Heddy Shri Ahimsa Putra =260 ##$$a Yogyakarta :$b Gajah Mada University Press,$c 1988. =300 ##$$a vii, 187 hlm, ; $c 21 x 14 cm =650 #4$$a Antropologi =850 ##$$a NBPNMAT =020 ##$$a 979-420-03-x =084 ##$$a 301.095 986 3 PUT m =504 ##$$a Bibliografi :hlm.174-187 =990 ##$$a DW99000811 =990 ##$$a DW99000812 =990 ##$$a DW99000813 =990 ##$$a DW99000814 =990 ##$$a DW99000815 =990 ##$$a 82.522/pro-95 =990 ##$$a DW99000811 =990 ##$$a DW99000812 =990 ##$$a DW99000813 =990 ##$$a DW99000814